MARC

LEADER 00000nam0a2200000 4500
001 676031
005 20241030094720.0
090 |a 676031 
100 |a 20241030d1979 k||y0rusy50 ca 
101 0 |a rus 
102 |a RU 
105 |a a z 001yy 
181 0 |a i   |b  e  
182 0 |a n 
183 0 |a nc  |2 RDAcarrier 
200 1 |a Технология обогащения руд цветных металлов  |f С. И. Полькин, Э. В. Адамов, К. П. Ковачев [и др.] 
203 |a Текст  |b визуальный  |c непосредственный 
210 |a Москва  |c Недра  |d 1979 
215 |a 271 с.  |c ил. 
283 |a volume  |2 RDAcarrier 
320 |a Список литературы: с. 265-270 
606 1 |a Цветные металлы  |x Обогащение  |9 43414 
610 1 |a свинец 
610 1 |a флотация 
610 1 |a свинцовые руды 
610 1 |a цинковые минералы 
610 1 |a медные руды 
610 1 |a сульфиды железа 
610 1 |a отходы 
675 |a 622.7:622.342/.349  |v 4 
701 1 |a Полькин  |b С. И.  |g Степан Иванович 
701 1 |a Адамов  |b Э. В.  |g Эдуард Владимирович 
701 1 |a Ковачев  |b К. П.  |g Киряк Петров 
701 1 |a Семков  |b Н. И.  |g Николай Илиев 
801 0 |a RU  |b 63413507  |c 20241030 
830 |a Ретро2024Каталогизация Мотырева 
850 |a 63413507 
942 |c BK